000 01157nas1a22002651i 4500
001 RU\NLR\INFOCOMM55\1000078145
005 20260407051219.0
035 _a(NLR Aleph) 002621894
090 _a3622364
_c3622364
100 _a20040818c1999 |||y0rusy50 ca
101 0 _arus
102 _aRU
110 _aayuzz 0|y|
200 1 _aПравопорядок-Центр
_fМеждунар. обществ. фонд "Правопорядок-Центр"
210 _aНовосибирск
_cРекл.-изд. фирма "РИФ-плюс"
_d1999-
712 0 2 _4570
_a"Правопорядок-Центр", международный общественный фонд
_9538798
_3RU\NLR\AUTH\8810020403
801 1 _aRU
_bInfoComm
_c20040818
801 0 _aRU
_bNLR
_gPSBO
852 _aNLR
_jП23/4695
942 _cJOURNAL
980 _aRUSPER